000
00240nam a2200109 a 4500
008
090929s1990|||| d
100
1
_a
Brinkeová
245
1
0
_a
Caddie
260
_b
Bratislava
_a
Mladé letá
_c
1990
041
_a
slo
044
_a
xo
_c
SK
999
_c
5
_d
5